00618nam a2200169 a 450000100100000000500170001000800410002704000250006810000290009324500800012224600330020226000420023530000210027750400280029895201050032699900170043100003883420201002031404.0130426s1994 dr a 000 0 spa d aDO-SdBNPbspacBNPHU1 aCardenas, César93450013aEl seguro y la empresa :bmanual práctico de seguros /cCésar Cardenas.10aManual práctico de seguros aSanto Domingo :bAlfa y Omega,c1994. a173 p. ;c29 cm. aBibliografía : p. 173 0010718PDaPDbPDcCTd2013-04-26iLF1l0o p38834-10r2020-06-25w2020-06-25yLFPDZNo se presta c38324d38324